Vista normal
Vista MARC
Entrada Materia (personas)
Número de registros utilizados en: 1
001 - CONTROL NUMBER
- control field: 177193
003 - CONTROL NUMBER IDENTIFIER
- control field: Co-BoUCM
005 - DATE AND TIME OF LATEST TRANSACTION
- control field: 20230323093215.0
008 - FIXED-LENGTH DATA ELEMENTS
- fixed length control field: 230323|| aca||aabn | a|a d
040 ## - CATALOGING SOURCE
- Original cataloging agency: Co-BoUCM
- Transcribing agency: Co-BoUCM
100 ## - HEADING--PERSONAL NAME
- Personal name: Dupuit, Jules
- Dates associated with a name: 1804-1866
670 ## - SOURCE DATA FOUND
- Source citation: Work cat.: (Co-BoUCM): 177191 Ekelund, Robert B., Secret origins of modern microeconomics, 1999